| 000 | 01798nam a22002897a 4500 | ||
|---|---|---|---|
| 005 | 20190304112835.0 | ||
| 008 | 140429n fr ||||fr|||| 001 f fre d | ||
| 040 |
_cSandra Yazo _dSandra Yazo |
||
| 041 | 0 | _afre | |
| 082 | 0 | 4 |
_2843.3 _a20 |
| 092 | _aE47N020 | ||
| 100 | 1 |
_aBourget, Paul _d1852-1935 _960359 |
|
| 242 | 0 | 0 |
_aMónica _cPablo Bourget _yspa _bLos detalles. Reconocimiento. Tres relatos bélicos |
| 245 | 1 | 0 |
_aMonique _cPaul Bourget _bLes Gestes. Reconnaisance. Trois récits de guerre |
| 250 | _aÉdition définitive [Edición definitiva] | ||
| 260 |
_aParís (Francia) _bLibrairie Plon ; Plon-Nourrit et Cie. [Librería Plon ; Plon-Nourrit y Compañía] _c[fecha desconocida] |
||
| 300 |
_a328 páginas _c18 x 12 cm. |
||
| 500 | _aDetalles físicos: Encuadernación rígida (holandesa) en cartón forrado en papel jaspeado. Lomo de tela texturizada, con adornos en dorado. Guardas. Hoja de cortesía. Anteportada. Portada impresa en una sola tinta con un grabado con marca tipográfica. Texto impreso en una sola columna. Índice. Bordes del papel con oxidación. Tapas con residuos de cinta pegante. Incluye varias obras en un mismo volumen. Portadas con sellos de tinta (BOGOTÁ. Librería Colombiana. Camacho Roldán & Tamayo) | ||
| 505 | 0 | _aMónica: Interior de artista ; El sillón abarquillado ; La sospecha ; La prueba ; Francisca Franquetot ; Explicaciones -- Los detalles – Reconocimiento -- Tres relatos bélicos: Un amigo de infancia ; Bob Milner ; Un jefe | |
| 506 | _aConsulta en sala | ||
| 546 | _aTexto en francés | ||
| 650 | 7 |
_97794 _aLiteratura francesa |
|
| 650 | 7 |
_920506 _aNovela francesa _ySiglo XIX - XX |
|
| 650 | 7 |
_923487 _aRelatos franceses _ySiglo XIX - XX |
|
| 690 |
_aLiteratura europea _926524 |
||
| 942 |
_cLIBRO _e1 _2LOCAL _hE47N020 |
||
| 999 |
_c310453 _d310453 |
||